000
00266nam a2200109Ia 4500
008
220216s9999 xx 000 0 und d
100
_a
Philip Shaji
245
0
_a
Rogaprathirodhathinu giivasankethika vidya
260
_b
Rubber
_c
2009
300
_a
20-21
942
_c
ML
999
_c
72875
_d
72875